000
00346nam a2200157 4500
008
190607s1979||||xo d
260
_b
SPN
_a
Bratislava
_c
1979
041
1
_a
slo
044
_a
xo
_c
SK
250
_a
1. vydanie
490
_v
287
245
1
0
_a
Úctovníctvo pre 2. rocník SEŠ
020
_c
0
300
_a
191 s.
958
_a
A
999
_c
22581
_d
22581